1448 1773 1429 1584 1409 1355 1091 1450 1608 1847 1108 1776 1341 1468 1904 1938 1917 1848 1030 1364 1486 1231 1682 1639 1412 1101 1918 1508 1486 1432 1997 1743 1080 1257 1020 1549 1340 1084 1462 1311 1209 1394 1290 1386 1877 1167 1188 1785 1499 1378 1664 1026 1709 1026 1836 1043 1751 1171 1339 1818 1376 1089 1894 1832 1917 1913 1138 1585 1050 1016 1949 1931 1499 1741 1660 1054 1542 1600 1017 1829 1642 1515 1681 1627 1711 1617 1705 1359 1649 1041 1657 1344 1239 1635 1376 1191 1205 1799 1806 BCNSPRNW ULIB Ver.6.0+V

เปลี่ยนเป็นภาษาไทย

Change to English
 แสดงรายละเอียดบรรณานุกรม
  กลับหน้าหลัก

Brief Record : Get Marc (ISO 2709) : E-mail record : QR code < ปิดหน้าต่าง
LEADER : 00000nam 2200000uu 4500
001    13399109889
003     ULIB
008    110418s2552||||th 000 0 tha d
020    9786167098074
060 04 WD300^bพ716บ 2552
100 0  พิมพ์ใจ กันต์ดินทร์ทร
245 10 บำบัดโรคภูมิแพ้และหอบหืดเพื่อสุขภาพดีตลอดไป /^cพิมพ์ใจ กันต์ดินทร์ทร
260    นนทบุรี :^bฟีลกู๊ด,^c2552
300    206 หน้า :^bภาพประกอบ
650  7 ภูมิแพ้
945    ^p155^l0^i027180
945    ^p155^l0^i027179
945    ^p155^l0^i027178
995    ทศพร
999 ^a ใช้งานได้ทุกระบบ
รายการนี้ยังไม่มีแท็ก
คุณยังไม่ได้ล็อกอิน คุณสามารถมีกิจกรรมร่วมกับเว็บไซต์ได้ แต่ต้องล็อกอินก่อน ::
  ล็อกอิน

รายการสื่อสารสนเทศ

ลำดับที่ ประเภท เลขเรียก/บาร์โค้ด สถานที่ สถานะ
- ไม่พบข้อมูล -

รายการใกล้เคียง
    ผู้แต่ง [พิมพ์ใจ กันต์ดินทร์ทร]

    หัวเรื่อง [ภูมิแพ้]

BibComment


ยังไม่เคยถูกคอมเมนท์

คอมเมนท์ทรัพยากรรายการนี้
  คอมเมนท์: บำบัดโรคภูมิแพ้แล..


 Copyright 2026. Bcnsprnw @Library